KFZ-Kennzeichen Deutschland N - Z - Statistiken

Allgemein
  • Dieses Quiz wurde 121 mal gespielt
    79 seit der letzten Aktualisierung
  • Das Durchschnittsergebnis liegt bei 159 aus 289
Antwortstatistiken
Hint Antwort % Korrekt
N Nürnberg
95%
W Wuppertal
90%
P Potsdam
86%
S Stuttgart
86%
UL Ulm
86%
UN Unna
86%
VIE Viersen
86%
WOB Wolfsburg
86%
NE Neuss
81%
PB Paderborn
81%
R Regensburg
81%
RÜG Rügen
81%
SI Siegen
81%
VEC Vechta
81%
Würzburg
81%
Z Zwickau
81%
OB Oberhausen
76%
OS Osnabrück
76%
PI Pinneberg
76%
PIR Pirna
76%
VER Verden
76%
WI Wiesbaden
76%
WO Worms
76%
OF Offenbach
71%
PA Passau
71%
PE Peine
71%
PF Pforzheim
71%
PLÖ Plön
71%
QLB Quedlinburg
71%
RA Rastatt
71%
RO Rosenheim
71%
RÜD Rüdesheim
71%
SIG Sigmaringen
71%
SÖM Sömmerda
71%
TR Trier
71%
Tübingen
71%
TUT Tuttlingen
71%
VAI Vaihingen
71%
WAT Wattenscheid
71%
WIT Witten
71%
TÖL Bad Tölz
67%
NAU Nauen
67%
OL Oldenburg
67%
OAL Ostallgäu
67%
PEG Pegnitz
67%
RV Ravensburg
67%
REG Regen
67%
RT Reutlingen
67%
SB Saarbrücken
67%
SO Soest
67%
SG Solingen
67%
SON Sonneberg
67%
SP Speyer
67%
STA Starnberg
67%
TBB Tauberbischofsheim
67%
ÜB Überlingen
67%
UE Uelzen
67%
WW Westerwald
67%
WHV Wilhelmshaven
67%
ZZ Zeitz
67%
NAB Nabburg
62%
NMS Neumünster
62%
NEA Neustadt an der Aisch
62%
NU Neu-Ulm
62%
Nördlingen
62%
NWM Nordwestmecklenburg
62%
ÖHR Öhringen
62%
PAF Pfaffenhofen
62%
PL Plauen
62%
PRÜ Prüm
62%
RZ Ratzeburg
62%
RE Recklinghausen
62%
RD Rendsburg
62%
SIM Simmern
62%
STD Stade
62%
TS Traunstein
62%
V Vogtlandkreis
62%
WAN Wanne-Eickel
62%
WAF Warendorf
62%
WES Wesel
62%
WZ Wetzlar
62%
WUN Wunsiedel
62%
ZEL Zell
62%
ZW Zweibrücken
62%
NAI Naila
57%
NM Neumarkt
57%
NP Neuruppin
57%
NI Nienburg
57%
NOR Norden
57%
NF Nordfriesland
57%
NDH Nordhausen
57%
NOH Nordhorn
57%
NVP Nordvorpommern
57%
NOM Northeim
57%
OA Oberallgäu
57%
OG Offenburg
57%
OE Olpe
57%
OP Opladen
57%
PW Pasewalk
57%
PS Pirmasens
57%
RI Rinteln
57%
ROS Rostock
57%
RW Rottweil
57%
SL Schleswig
57%
SLÜ Schlüchtern
57%
SPB Spremberg
57%
WND St. Wendel
57%
SÜW Südliche Weinstraße
57%
UFF Uffenheim
57%
VK Völklingen
57%
VG Vorpommern, Greifswald
57%
WN Waiblingen
57%
WRN Waren
57%
WR Wernigerode
57%
WST Westerstede
57%
WTM Wittmund
57%
WUR Wurzen
57%
ZE Zerbst
57%
ZIG Ziegenhain
57%
SÄK Bad Säckingen
52%
SE Bad Segeberg
52%
NMB Naumburg
52%
NEB Nebra
52%
NB Neubrandenburg
52%
NK Neunkirchen
52%
NEW Neustadt an der Waldnaab
52%
NW Neustadt an der Weinstraße
52%
NEC Neustadt bei Coburg
52%
NR Neuwied am Rhein
52%
NT Nürtingen
52%
OCH Ochsenfurt
52%
OTW Ottweiler
52%
PCH Parchim
52%
PAN Pfarrkirchen
52%
PM Potsdam, Mittelmark
52%
PR Prignitz
52%
QFT Querfurt
52%
REH Rehau
52%
RP Rhein-Pfalz-Kreis
52%
ROK Rockenhausen
52%
RU Rudolstadt
52%
SAB Saarburg
52%
SLS Saarlouis
52%
SHA Schwäbisch Hall
52%
SW Schweinfurt
52%
SN Schwerin
52%
SFB Senftenberg
52%
SU Siegburg
52%
ST Steinfurt
52%
SR Straubing
52%
SHL Suhl
52%
TT Tettnang
52%
TIR Tirschenreuth
52%
NEU Titisee-Neustadt
52%
UM Uckermark
52%
UH Unstrut, Hainich
52%
USI Usingen
52%
VIB Vilsbiburg
52%
VOH Vohenstrauß
52%
VR Vorpommern, Rügen
52%
WÜM Waldmünchen
52%
WT Waldshut-Tiengen
52%
WZL Wanzleben
52%
WAK Wartburgkreis
52%
WS Wasserburg
52%
WM Weilheim
52%
WE Weimar
52%
WUG Weißenburg
52%
WSF Weißenfels
52%
WSW Weißwasser
52%
WDA Werdau
52%
WIS Wismar
52%
WF Wolfenbüttel
52%
WOH Wolfhagen
52%
WOR Wolfratshausen
52%
WOS Wolfstein
52%
WMS Wolmirstedt
52%
ZI Zittau
52%
ZP Zschopau
52%
NES Bad Neustadt an der Saale
48%
OD Bad Oldesloe
48%
ND Neuburg an der Donau
48%
NH Neuhaus
48%
NEN Neunburg
48%
NZ Neustrelitz
48%
NY Niesky
48%
OHV Oberhavel
48%
OHA Osterode am Harz
48%
OH Ostholstein
48%
RC Reichenbach
48%
RIE Riesa
48%
ROF Rotenburg an der Fulda
48%
ROT Rothenburg ob der Tauber
48%
SHK Saale-Holzland-Kreis
48%
SLF Saalfeld
48%
SZ Salzgitter
48%
SCZ Schleiz
48%
SM Schmalkalden
48%
SOG Schongau
48%
SMÜ Schwabmünchen
48%
SEE Seelow
48%
SEL Selb
48%
SDH Sondershausen
48%
SPN Spree, Neiße
48%
SDL Stendal
48%
SY Syke
48%
TE Tecklenburg
48%
TF Teltow, Fläming
48%
TDO Torgau, Delitzsch, Oschatz
48%
UEM Ueckermünde
48%
VIT Viechtach
48%
VS Villingen-Schwenningen
48%
VB Vogelsbergkreis
48%
WA Waldeck
48%
WG Wangen
48%
WEN Weiden
48%
WL Winsen (Luhe)
48%
WB Wittenberg
48%
WIL Wittlich
48%
WK Wittstock
48%
WIZ Witzenhausen
48%
WOL Wolfach
48%
WBS Worbis
48%
REI Bad Reichenhall
43%
SLZ Bad Salzungen
43%
STE Bad Staffelstein
43%
NOL Niederschlesische Oberlausitz
43%
OBB Obernburg
43%
OSL Oberspreewald, Lausitz
43%
OVI Oberviechtach
43%
OVL Obervogtland
43%
OK Ohrekreis
43%
OZ Oschatz
43%
OC Oschersleben
43%
OBG Osterburg
43%
OPR Ostprignitz, Ruppin
43%
PAR Parsberg
43%
PN Pößneck
43%
PZ Prenzlau
43%
RN Rathenow
43%
RS Remscheid
43%
RID Riedenburg
43%
RG Riesa, Großenhain
43%
RM Röbel-Müritz
43%
RL Rochlitz
43%
ROD Roding
43%
RSL Roßlau
43%
ROW Rotenburg (Wümme)
43%
RH Roth
43%
ROL Rottenburg an der Laaber
43%
SK Saalekreis
43%
SOK Saale-Orla-Kreis
43%
SLK Salzlandkreis
43%
SAW Salzwedel
43%
SGH Sangershausen
43%
SEF Scheinfeld
43%
SLE Schleiden
43%
SLN Schmölln
43%
SBK Schönebeck
43%
SOB Schrobenhausen
43%
SC Schwabach
43%
SAD Schwandorf
43%
SZB Schwarzenberg
43%
SDT Schwedt
43%
SEB Sebnitz
43%
SHG Stadthagen
43%
SRO Stadtroda
43%
SAN Stadtsteinach
43%
SFT Staßfurt
43%
STB Sternberg
43%
STO Stockach
43%
STL Stollberg
43%
SBG Strasburg
43%
SRB Strausberg
43%
SUL Sulzbach-Rosenberg
43%
TP Templin
43%
TET Teterow
43%
TG Torgau
43%
TO Torgau, Oschatz
43%
WLG Wolgast
43%
SLG Bad Saulgau
38%
SWA Bad Schwalbach
38%
RDG Ribnitz-Damgarten
38%
WEL Weilburg
38%
WER Wertingen
38%
OHZ Osterholz-Scharmbeck
33%
WAR Warburg
29%
WTL Wittlage
24%
ZR Zeulenroda-Triebes
24%
Keine übereinstimmenden Quizze gefunden
Verteilung der Resultate
Anzahl Personen mit jedem Resultat
Perzentil nach korrekt beantworteten Fragen
Ihre Resultats-Entwicklung
Sie haben dieses Quiz seit der letzten Aktualisierung nicht gespielt